Head and Neck Muscles - Statistics

General Stats
  • This quiz has been taken 65 times
  • The average score is 5 of 13
Answer Stats
Hint Answer % Correct
Mastication Masseter
89%
facial buccinator
66%
Mastication Temporalis
62%
neck sternocleidomastoid
60%
facial frontalis
40%
Mastication Lateral pterygoid
40%
Mastication Medial pterygoid
40%
neck trapezius
32%
facial platysma
28%
hyoid infrahyoid
11%
facial obicularis oculi
11%
facial obicularis oris
11%
Hyoid suprahyoid
11%
No matching quizzes found
Score Distribution
Percent of People with Each Score
Percentile by Number Answered
Your Score History
You have not taken this quiz